| 000 | 00533nam a22001817a 4500 | ||
|---|---|---|---|
| 005 | 20250617123839.0 | ||
| 010 | _aENG-145434 | ||
| 020 |
_c300.00 _a8190273361 |
||
| 035 | _aEN-128966 | ||
| 037 | _bDBAD | ||
| 082 | _a509.22 | ||
| 100 |
_aSharma, Monica C _982124 |
||
| 245 |
_aGreat Scientists/ _cMonica C Sharma |
||
| 260 |
_aDelhi _bExcel Publication _c2010 |
||
| 270 |
_bDelhi _a518/6B , Ist Floor,Karkari Road Vishwas Nagar,Shahdara _e110032 |
||
| 300 |
_a207p. _c22cm(pbk) |
||
| 942 |
_2ddc _cEN _h509.22 _mSHA |
||
| 999 |
_c211862 _d211862 |
||